Sports Quiz

Random Sports or Blitz Quiz

Premier League Blitz Quiz Stats

 Plays Quiz Updated Feb 9, 2018

Score 0/20 Timer 03:00
25 Plays Today
Name... Answer % Correct
A Premier League winning club [6]Chelsea...
98.9%
A player who has scored 150 or more Premier League goals [8]Andrew Cole...
93.7%
A player with 500 or more Premier League appearances [12]Gary Speed...
89.9%
A club who have finished in the top 4 but have not won the Premier League [8]Norwich City...
88.7%
A player signed by a Premier League club for a £40m+ fee [17]Ángel di María...
79.9%
A Premier League winning manager [8]Alex Ferguson...
79%
A club who have been relegated from the Premier League 3 or more times [9]Crystal Palace...
78.9%
An official sponsor of the Premier League [3]Carling...
77.2%
A player who has won the Premier League with 2 different clubs [8]Henning Berg...
73.1%
A Premier League ground with a capacity of 40,000+ [9]London Stadium...
71.3%
Name... Answer % Correct
A winner of the Premier League Golden Boot twice or more [7]Michael Owen...
70.7%
A club who have spent one season in the Premier League [4]Blackpool...
67.2%
A manager who has managed 4 or more teams in the Premier League [8]Harry Redknapp...
66.1%
A referee who officiated in the Premier League for 10 or more years [17]Paul Durkin…
66.1%
A club who were founder members of the Football League and Premier League [3]Everton...
62.5%
A winner of the Premier League Golden Glove [5]Petr Čech...
54.9%
A goalkeeper who has scored a Premier League goal [5]Tim Howard...
50.8%
A player named in the public or panel's Premier League 20 Seasons Fantasy Team [13]Tony Adams...
44.2%
A player who has received 7 or more red cards in the Premier League [5]Duncan Ferguson...
41.2%
A club who won the top-flight before 1992 but have not played in the Premier League [1]Preston North End
31%

You're not logged in!

Compare scores with friends on all Sporcle quizzes.
OR
Log In

You Might Also Like...

Show Comments

Extras

Top Quizzes Today


Score Distribution

Your Account Isn't Verified!

In order to create a playlist on Sporcle, you need to verify the email address you used during registration. Go to your Sporcle Settings to finish the process.

Report this User

Report this user for behavior that violates our Community Guidelines.

Details: